Score 0/15 Timer 04:00
0 Plays Today
Country % Correct
United States
94.1%
Canada
87.3%
United Kingdom
87.3%
Sweden
83.1%
France
79.7%
Australia
78.8%
Japan
78%
Finland
77.1%
Country % Correct
Italy
76.3%
Denmark
72%
Netherlands
69.5%
New Zealand
69.5%
Switzerland
68.6%
Belgium
64.4%
Austria
59.3%
Remove Ads.
Support Sporcle.
Get the best of Sporcle when you Go Orange. This ad-free experience offers more features, more stats, and more fun while also helping to support Sporcle. Thank you for becoming a member.

You're not logged in!

Compare scores with friends on all Sporcle quizzes.
OR
Log In

Show Comments

Extras

Top Quizzes Today


Score Distribution

Your Account Isn't Verified!

In order to create a playlist on Sporcle, you need to verify the email address you used during registration. Go to your Sporcle Settings to finish the process.

Report this User

Report this user for behavior that violates our Community Guidelines.

Details: